[Event "La Fere op 10th"]
[Site "La Fere"]
[Date "2011.07.04"]
[Round "4.20"]
[White "Van Poucke, Philippe"]
[Black "Van Wiele, Kurt"]
[Result "0-1"]
[WhiteElo "1688"]
[BlackElo "1806"]
[PlyCount "84"]
[EventDate "2011.07.02"]
[EventType "swiss"]
[EventRounds "9"]
[EventCountry "FRA"]
[SourceTitle "EXT 2012"]
[Source "ChessBase"]
[SourceDate "2011.11.24"]
[SourceVersion "1"]
[SourceVersionDate "2011.11.24"]
[SourceQuality "1"]

1. e4 Nc6 2. d4 e5 3. d5 Nce7 4. Nf3 Ng6 5. a3 Nf6 6. Bg5 Bc5 7. Bd3 0-0 8. b4 Bb6 9. c4 d6 10. Nbd2 h6 11. Bxf6 Qxf6 12. g3 a5 13. Bf1 Qe7 14. Bg2 f5 15. 0-0 f4 16. Kh1 axb4 17. axb4 Rxa1 18. Qxa1 h5 19. h3 fxg3 20. fxg3 h4 21. g4 Nf4 22. Kh2 Nd3 23. b5 Qf6 24. Ng1 Nf2 25. Rxf2 Qxf2 26. Ndf3 Qg3+ 27. Kh1 Bxg1 28. Qxg1 Rxf3 29. Bxf3 Qxf3+ 30. Qg2 Qxg2+ 31. Kxg2 g5 32. Kf3 Bd7 33. Ke3 c6 34. b6 Kf7 35. Kf3 cxd5 36. cxd5 Ba4 37. Ke2 Bc2 38. Ke3 Bd1 39. Kf2 Kf6 40. Ke3 Bc2 41. Kf3 Bd3 42. Ke3 Bf1 0-1

[Event "La Fere op"]
[Site "La Fere"]
[Date "2010.07.10"]
[Round "9"]
[White "Caloone, Thomas"]
[Black "Van Poucke, Philippe"]
[Result "0-1"]
[WhiteElo "1599"]
[BlackElo "1730"]
[PlyCount "72"]
[EventDate "2010.07.03"]
[EventType "swiss"]
[EventRounds "9"]
[EventCountry "FRA"]
[SourceTitle "CBM 137 Extra"]
[Source "ChessBase"]
[SourceDate "2010.09.01"]
[SourceVersion "1"]
[SourceVersionDate "2010.09.01"]
[SourceQuality "1"]

1. e4 e5 2. Nf3 Nc6 3. Bc4 d6 4. d3 Na5 5. Bb5+ c6 6. Ba4 b5 7. Bb3 Nxb3 8. axb3 Bg4 9. Be3 Be7 10. Nbd2 a6 11. c4 b4 12. Ra4 c5 13. Qa1 a5 14. Qb1 Nf6 15. 0-0 0-0 16. Ra1 Bd7 17. h3 Ne8 18. Nh2 f5 19. f3 f4 20. Bf2 Rf6 21. Bh4 Rg6 22. Bxe7 Qxe7 23. Kh1 Nc7 24. Ra2 Ne6 25. Qa1 Qd8 26. Qd1 Nd4 27. Ra1 h5 28. Rc1 Kf7 29. Qe1 Rh6 30. Rg1 g5 31. g4 hxg4 32. fxg4 Rxh3 33. Qf1 Qh8 34. Rg2 Kg6 35. Kg1 f3 36. Rf2 Ne2+ 0-1

[Event "La Fere op"]
[Site "La Fere"]
[Date "2010.07.08"]
[Round "7"]
[White "Gosset, Hugo"]
[Black "Van Poucke, Philippe"]
[Result "0-1"]
[WhiteElo "1400"]
[BlackElo "1730"]
[PlyCount "72"]
[EventDate "2010.07.03"]
[EventType "swiss"]
[EventRounds "9"]
[EventCountry "FRA"]
[SourceTitle "CBM 137 Extra"]
[Source "ChessBase"]
[SourceDate "2010.09.01"]
[SourceVersion "1"]
[SourceVersionDate "2010.09.01"]
[SourceQuality "1"]

1. e4 c5 2. Nc3 Nc6 3. Nf3 a6 4. Bc4 d6 5. 0-0 Bg4 6. h3 Bh5 7. b3 e6 8. Bb2 Be7 9. Re1 b5 10. Be2 Bf6 11. Qc1 Nge7 12. a4 b4 13. Nd1 Bxb2 14. Qxb2 0-0 15. d4 Bxf3 16. Bxf3 cxd4 17. Qc1 e5 18. Nb2 Na5 19. Qd2 Nac6 20. Nc4 f5 21. exf5 Rxf5 22. Be4 Rf6 23. Bf3 Qc7 24. Qg5 Raf8 25. Qh5 Na5 26. Nxa5 Qxa5 27. Re4 Qc5 28. Rc1 Ng6 29. Ree1 Rf5 30. Qg4 d5 31. Rf1 e4 32. Be2 a5 33. f3 d3+ 34. Kh1 dxe2 35. Rfe1 Qe3 36. Kh2 exf3 0-1

[Event "La Fere op"]
[Site "La Fere"]
[Date "2010.07.05"]
[Round "4"]
[White "Van Poucke, Philippe"]
[Black "Rigolot, Lucie"]
[Result "0-1"]
[WhiteElo "1730"]
[BlackElo "1900"]
[PlyCount "76"]
[EventDate "2010.07.03"]
[EventType "swiss"]
[EventRounds "9"]
[EventCountry "FRA"]
[SourceTitle "CBM 137 Extra"]
[Source "ChessBase"]
[SourceDate "2010.09.01"]
[SourceVersion "1"]
[SourceVersionDate "2010.09.01"]
[SourceQuality "1"]

1. e4 c5 2. Nc3 a6 3. b3 Nc6 4. Nf3 d6 5. Bb2 Nf6 6. d4 cxd4 7. Nxd4 e6 8. Be2 Be7 9. 0-0 0-0 10. Nxc6 bxc6 11. Bf3 Bb7 12. Ne2 Qc7 13. Ng3 Nd7 14. Nh5 g6 15. Ng3 Bf6 16. Bxf6 Nxf6 17. c4 Rfd8 18. Qd4 Nd7 19. h4 Ne5 20. Qe3 Qe7 21. h5 g5 22. Be2 Kh8 23. f4 gxf4 24. Rxf4 Rg8 25. Rf2 Qh4 26. Nh1 Rg7 27. g3 Rag8 28. Rg2 Qe7 29. Qf4 c5 30. Rf1 f5 31. exf5 exf5 32. Nf2 Bxg2 33. Kxg2 Rxg3+ 34. Kh2 R3g5 35. Kh1 Ng4 36. Bxg4 Rxg4 37. Qf3 Qg5 38. Qc3+ Qg7 0-1

[Event "La Fere op"]
[Site "La Fere"]
[Date "2010.07.03"]
[Round "1"]
[White "Roux, Jean Francois"]
[Black "Van Poucke, Philippe"]
[Result "0-1"]
[WhiteElo "1612"]
[BlackElo "1730"]
[PlyCount "134"]
[EventDate "2010.07.03"]
[EventType "swiss"]
[EventRounds "9"]
[EventCountry "FRA"]
[SourceTitle "CBM 137 Extra"]
[Source "ChessBase"]
[SourceDate "2010.09.01"]
[SourceVersion "1"]
[SourceVersionDate "2010.09.01"]
[SourceQuality "1"]

1. d4 d5 2. c4 c6 3. Nf3 Nf6 4. e3 g6 5. Be2 Bg7 6. 0-0 0-0 7. Nc3 Bg4 8. cxd5 Nxd5 9. h3 Bf5 10. Nh4 Bc8 11. e4 Nxc3 12. bxc3 b6 13. Nf3 Ba6 14. Be3 Bxe2 15. Qxe2 Nd7 16. e5 c5 17. Qd2 Qc7 18. Rac1 Rad8 19. Rfd1 Nxe5 20. Nxe5 Bxe5 21. Bh6 Rfe8 22. Qe3 Bf6 23. Bf4 Qc6 24. Be5 Qe6 25. Qg3 cxd4 26. Bxf6 Qxf6 27. cxd4 Rxd4 28. Rxd4 Qxd4 29. Rc7 Qa1+ 30. Kh2 Qxa2 31. Qe3 e5 32. Qf3 a5 33. Qc6 Qe6 34. Qb5 e4 35. Rc6 Qe5+ 36. Qxe5 Rxe5 37. Rxb6 h5 38. Ra6 Kg7 39. Kg3 g5 40. h4 Rf5 41. hxg5 Rxg5+ 42. Kh3 Rf5 43. Kg3 f6 44. Re6 Re5 45. Ra6 Kg6 46. Kf4 Rf5+ 47. Kxe4 Rxf2 48. Rxa5 Rxg2 49. Kf3 Rg4 50. Ra8 Rb4 51. Ra5 h4 52. Ra3 Kg5 53. Ra5+ f5 54. Ra8 Rb3+ 55. Kf2 Kg4 56. Rg8+ Kf4 57. Rh8 Rf3+ 58. Kg2 h3+ 59. Kh2 Rg3 60. Rh4+ Kf3 61. Ra4 f4 62. Ra3+ Kg4 63. Ra8 Rg2+ 64. Kh1 f3 65. Rg8+ Kf4 66. Rxg2 hxg2+ 67. Kg1 Ke3 0-1